Microsoft .NET : kick start
| Main Author: | |
|---|---|
| Format: | Book |
| Published: |
Indianapolis, Ind. :
SAMS ,
c2004
|
| Subjects: |
MARC
| LEADER | 00000cam a2200000 7i4500 | ||
|---|---|---|---|
| 001 | 0000002635 | ||
| 005 | 20060804093000.0 | ||
| 008 | 021118s2004 | ||
| 020 | |a 0672325748 (pbk.) | ||
| 090 | 0 | 0 | |a QA76.76.M52 |b S48 2004 |
| 100 | 0 | |a Seth, Hitesh , |e author | |
| 245 | 1 | 0 | |a Microsoft .NET : |b kick start |c Hitesh Seth |
| 260 | 2 | |a Indianapolis, Ind. : |b SAMS , |c c2004 | |
| 300 | |a xii, 484 p. : |b ill. ; |c 25 cm. | ||
| 504 | |a Includes index | ||
| 650 | 0 | |a Computer programming | |
| 650 | 0 | |a Microsoft .NET | |
| 999 | |a 1000105306 |b Book |c OPEN SHELF (30 DAYS) |e Tembila Campus | ||